00345nam a2200109 i 4500001000300000245005800003260001900061040000800080041000800088008004100096856009800137bg 0aMetody izmerenija osnovnych veliči jadernoj fizyki. aMoskva,c1964. cBPK apol s pl f |000 0 pol  uhttp://koha.tu.koszalin.pl/cgi-bin/koha/opac-detail.pl?biblionumber=12711yKatalog online BPK